[Event "Charlotte Open 2020"]
[Site "Charlotte"]
[Date "2020.01.02"]
[Round "1.18"]
[White "Song, Edward"]
[Black "Martinez, Isaac"]
[Result "1-0"]
[WhiteElo "2411"]
[BlackElo "2079"]
[Annotator "TA"]
[PlyCount "97"]
[EventDate "2020.01.02"]
[EventType "swiss"]
[EventCountry "USA"]
[SourceTitle "playchess.com"]
[Source "ChessBase"]
[SourceQuality "1"]

{[%evp 14,97,3,8,32,27,32,33,37,31,49,37,50,51,87,54,115,114,101,70,145,139,158,148,141,117,253,169,169,187,177,169,209,199,210,216,208,208,201,195,304,304,304,304,304,304,304,304,304,304,304,304,304,304,304,304,304,304,304,304,304,269,522,385,718,692,720,686,607,571,1575,1368,2179,3131,2776,2903,2463,2468,1841,1522,2016,1943,1552,1456,1681,1509]} 1. e4 c5 2. Nf3 g6 3. d4 cxd4 4. Qxd4 Nf6 5. Nc3 Nc6 6. Qa4 d6 7. e5 dxe5 8. Nxe5 {Black should prevent Bc4.} Qd4 {B27: Sicilian: 2 Nf3, unusual Black 2nd moves} (8... Bg7 {seems wilder.} 9. Bb5 O-O 10. Nxc6 bxc6 11. Bxc6 Bd7) (8... Bd7 9. Nxd7 Qxd7 10. Be2 Bg7 11. O-O O-O 12. Rd1 Qf5 13. Bd3 Qh5 14. Qb5 Qxb5 15. Bxb5 Nb4 16. Ba4 {1-0 (60) Guseinov,G (2664)-Gordievsky,D (2614) St Petersburg 2018}) 9. Nxc6 Qxa4 10. Nxa4 bxc6 {White is slightly better.} 11. Be3 Bg7 12. O-O-O O-O 13. Bc4 Re8 14. Rhe1 e6 $146 (14... Nd5 $14) ({Predecessor:} 14... Nd7 15. Bb3 Bf8 16. Nc5 Nxc5 17. Bxc5 {1-0 (54) Pfreundt,J (2260)-Wolter,J (2116) Germany 2016}) 15. Bd4 $16 a5 16. Nc5 Rd8 (16... a4 $14) 17. Be2 Bh6+ 18. Kb1 Nd5 19. c4 Nb4 (19... e5 $16 20. Bxe5 (20. cxd5 exd4 21. dxc6 Bf5+ 22. Bd3 Bxd3+ 23. Nxd3 Rdc8 $16) 20... Re8) 20. Bf6 Re8 21. Bf3 e5 22. a3 ({Don't take} 22. Rxe5 Rxe5 23. Bxe5 Bf5+ 24. Be4 Re8 $16) 22... Bf5+ 23. Be4 {[#] Hoping for Bxf5.} Bxe4+ 24. Rxe4 Na6 25. Nxa6 Rxa6 26. Rxe5 Raa8 (26... Rb8 {might work better.} 27. Rd7 Bf8) 27. Rxe8+ $18 Rxe8 {[%mdl 4096] Endgame KRB-KRB} 28. Rd6 Rc8 29. Rd8+ Rxd8 30. Bxd8 {KB-KB} a4 {[#]} 31. b3 $1 {[%cal Bb2b3,Bb3a4,Ba4a5,Ba5a6][%mdl 544]} Kf8 (31... axb3 32. a4) 32. bxa4 Ke8 33. Bb6 Bf8 34. a5 {Strongly threatening a6.} Kd7 35. a6 {Threatens to win with a7.} Kc8 36. a4 Bd6 37. h3 Be7 $2 (37... Kb8 38. Kc2 Be5) 38. Kc2 Kb8 $2 (38... f5 39. Kc3 Bh4) 39. Kd3 {White is clearly winning.} Kc8 40. Ke4 Bf6 41. f4 h5 42. f5 Bg7 43. fxg6 fxg6 44. Bd4 Bf8 45. Be5 Ba3 46. Bg3 Bb2 47. Bd6 Bc3 48. Kf4 Bf6 49. g3 {Accuracy: White = 78%, Black = 36%.} 1-0

[Event "Charlotte Open 2020"]
[Site "Charlotte"]
[Date "2020.01.02"]
[Round "1.19"]
[White "Chen, Benjamin"]
[Black "Tsolakidou, Stavroula"]
[Result "1/2-1/2"]
[WhiteElo "2046"]
[BlackElo "2403"]
[Annotator "TA"]
[PlyCount "148"]
[EventDate "2020.01.02"]
[EventType "swiss"]
[EventCountry "USA"]
[SourceTitle "playchess.com"]
[Source "ChessBase"]
[SourceQuality "1"]

{[%evp 19,148,21,45,12,27,21,23,23,62,34,39,16,54,43,53,20,47,47,52,48,82,77,74,67,68,66,89,66,85,78,98,93,68,8,19,24,139,0,7,6,18,0,0,0,0,0,0,0,0,0,0,0,0,0,0,0,0,0,0,0,0,0,0,-165,0,-13,0,0,0,0,0,0,0,0,0,0,0,0,0,0,0,0,0,0,0,0,0,0,0,0,0,0,0,-8,0,0,0,0,0,-8,-6,-8,0,0,0,0,0,0,0,0,0,0,0,0,12,8,8,0,0,0,0,-8,0,-8,0,0,0,0,0,0,0]} 1. d4 Nf6 2. c4 e6 3. g3 c5 4. d5 exd5 5. cxd5 d6 6. Nc3 g6 7. Nf3 Bg7 8. Bg2 O-O 9. O-O Nbd7 10. Bf4 Qe7 11. a4 {A62: Modern Benoni: Fianchetto Variation without early ...Nbd7} (11. Re1 Nh5 12. Bg5 f6 13. Bd2 f5 14. Bg5 Ndf6 15. e4 fxe4 16. Nxe4 Qc7 17. Bxf6 Nxf6 18. Neg5 Qb6 {½-½ (29) Vallejo Pons,F (2711)-Ponomariov,R (2709) Tallinn 2016}) 11... Ng4 12. Bg5 f6 13. Bd2 {White has an edge.} Nge5 14. Rb1 {[#]} b6 $146 ({Predecessor:} 14... Nxf3+ 15. exf3 f5 16. Re1 Qd8 17. Nb5 Ne5 18. f4 Nf7 19. b4 Bd7 20. Qc2 b6 21. Bf1 Re8 {½-½ (21) Ashwin,J (2472)-Grigoryan,A (2605) Albena 2013}) 15. b4 Nxf3+ 16. exf3 cxb4 17. Rxb4 Nc5 18. Re1 Qd7 19. Bf1 f5 {[#]} 20. Nb5 $1 Ba6 21. Bf4 Rfd8 22. Re3 Bf6 {With the idea ...g5.} 23. h4 (23. Nxd6 $2 Bxf1 24. Kxf1 g5 $19) 23... Bxb5 24. Bxb5 Qg7 25. Bc6 Rac8 26. Bg5 ({Better is} 26. Re2 $14) 26... Rf8 27. Qe2 Rc7 {[#]} (27... h6 $11 28. Bxf6 Qxf6) 28. Rb1 ({White should play} 28. Bf4 $1 $16) 28... Be5 29. f4 Bd4 30. Re7 Rxe7 31. Bxe7 Bxf2+ 32. Kg2 Ne4 33. Bxf8 Kxf8 (33... Qc3 $5 34. Qf3 $8 Be3 $11) 34. Rc1 Bxg3 {And now ...Qf6 would win.} 35. Bb5 Qf6 36. Bd3 $1 Bxf4 ({Reject} 36... Qxh4 37. Rh1 $16) 37. Rc8+ Kg7 38. Bxe4 fxe4 ({Wrong is} 38... Qxh4 $2 39. Rc7+ Kg8 40. Bf3 $18) 39. Qxe4 {Black must now prevent Rc7+.} Qxh4 $11 {[%mdl 4096] Endgame KQR-KQB} 40. Rc7+ Kh6 41. Rc3 $2 (41. Rxa7 $11 {and White stays safe.} Qg4+ 42. Kf1) 41... Qg5+ $2 ({Black should try} 41... Qg4+ $19 42. Kf1 Qd1+ 43. Qe1 Qxe1+ 44. Kxe1 g5) 42. Kf1 {The position is equal.} Be5 43. Qh1+ Kg7 $1 ({Don't go for} 43... Qh5 $2 44. Rh3 $18) 44. Rc7+ {[%mdl 64] Double Attack} Kf6 {...Qg4 is the strong threat.} 45. Qf3+ Qf5 46. Qxf5+ Kxf5 47. Rxh7 {KR-KB} a5 48. Rh4 Bf4 49. Ke2 Ke4 50. Rh3 Kxd5 51. Rb3 Kc5 52. Rb5+ Kc6 53. Kf3 Bd2 54. Rb2 Bb4 55. Ke4 d5+ 56. Kd4 g5 57. Rg2 Be7 58. Rc2+ Bc5+ 59. Ke5 d4 60. Rf2 Bd6+ 61. Ke4 Kc5 62. Rb2 g4 63. Kd3 g3 64. Rb5+ Kc6 {Black wants to play ...Bf4.} 65. Rg5 Bf4 66. Rg4 Be5 67. Ke4 Bd6 68. Kxd4 {aiming for Rg6.} b5 69. axb5+ Kxb5 70. Kc3 Kc6 71. Rg5 Bc7 72. Kc4 Kd7 73. Rg7+ Kc6 74. Rg5 Kd7 {Accuracy: White = 72%, Black = 50%.} 1/2-1/2

[Event "Charlotte Open 2020"]
[Site "Charlotte"]
[Date "2020.01.02"]
[Round "1.20"]
[White "Ynojosa Aponte, Felix Jose"]
[Black "Storn, Justin"]
[Result "1-0"]
[WhiteElo "2403"]
[BlackElo "2030"]
[Annotator "TA"]
[PlyCount "97"]
[EventDate "2020.01.02"]
[EventType "swiss"]
[EventCountry "USA"]
[SourceTitle "playchess.com"]
[Source "ChessBase"]
[SourceQuality "1"]

{[%evp 18,97,35,9,33,5,17,18,31,7,18,0,62,83,193,183,175,175,279,267,391,374,353,323,391,415,524,477,491,510,538,513,1207,1195,1448,1291,1416,1431,1138,379,486,442,599,604,595,595,595,595,595,584,1231,1223,1125,1054,1404,1293,1285,1172,1357,1160,2192,2122,2103,2022,1990,1950,29974,29972,29980,29981,29985,29986,29986,29987,29988,29989,29989,29990,29990,29990,29991,29992]} 1. c4 Nf6 2. Nc3 g6 3. e4 d6 4. d4 Bg7 5. Nf3 O-O 6. Be2 e5 7. dxe5 dxe5 8. O-O c6 9. Qc2 Nbd7 10. Rd1 Re8 {E94: King's Indian: Classical: 6 Be2 e5 7 0-0: Various Black 7th moves} 11. h3 Qe7 12. Be3 Nc5 {The position is equal.} 13. a3 $146 ({Predecessor:} 13. b4 Ne6 14. c5 Nh5 15. g3 a5 16. Na4 axb4 17. Rab1 Nd4 18. Nxd4 exd4 19. Bxd4 Bxd4 20. Rxd4 {0-1 (33) Kastelic,M (2241)-Bagaturov,G (2417) Bled 2018}) 13... Nh5 14. b4 Na6 (14... Ne6 $11) 15. c5 Nf4 {[#]} (15... Nc7 $16 {was called for.}) 16. Bxa6 $1 $18 bxa6 17. Rd6 Bb7 (17... g5 $142 18. Rxc6 Bxh3) 18. Rad1 Rad8 (18... Rab8 $142 19. Rd7 Qf8 20. Bxf4 exf4) 19. Bxf4 exf4 {[#]} 20. e5 $1 {[%mdl 512]} Rb8 (20... Bxe5 21. Rxd8) 21. Ne4 Bc8 22. Nf6+ Bxf6 23. exf6 Bf5 {aiming for ...Qxd6.} 24. Qd2 ({Not} 24. Qxf5 Qxd6 25. cxd6 gxf5 $16) 24... Qe4 (24... Qf8 $142 25. Qxf4 Re4) 25. Re1 Qc4 26. Rxe8+ Rxe8 27. Rd8 {[%cal Rd8e8]} Qe6 28. Rxe8+ (28. Ng5 $142 Qe5 {[#]} 29. Qc3 $1 {[%mdl 512]} Rxd8 30. Qxe5) 28... Qxe8 29. Qxf4 h5 30. Qh6 {[%csl Gf6][%cal Rh6g7]} Qf8 31. Qxf8+ Kxf8 {[%mdl 4096] Endgame KB-KN} 32. Ne5 Be4 33. h4 a5 34. bxa5 Bd5 35. f3 Kg8 36. Kf2 Kf8 37. Ke3 Ke8 38. Kf4 Kf8 39. Nd3 Ke8 40. Nb4 Bc4 41. Nxc6 a6 42. Ne5 {White mates.} Bf1 43. g4 hxg4 44. fxg4 Bg2 45. h5 gxh5 46. gxh5 Kf8 47. h6 Kg8 48. c6 Bh3 {[#]} 49. Nxf7 $1 {[%mdl 64] Promotion. Accuracy: White = 71%, Black = 32%.} 1-0

[Event "Charlotte Open 2020"]
[Site "Charlotte"]
[Date "2020.01.02"]
[Round "2.1"]
[White "Lenderman, Aleksandr"]
[Black "Ynojosa Aponte, Felix Jose"]
[Result "1-0"]
[WhiteElo "2638"]
[BlackElo "2403"]
[Annotator "TA"]
[PlyCount "65"]
[EventDate "2020.01.02"]
[EventType "swiss"]
[EventCountry "USA"]
[SourceTitle "playchess.com"]
[Source "ChessBase"]
[SourceQuality "1"]

{[%evp 13,65,16,22,18,13,16,10,15,31,31,39,35,68,74,125,112,190,88,104,98,175,166,225,208,209,147,214,172,164,162,270,259,300,318,570,555,679,663,610,554,729,512,868,859,813,660,586,576,723,633,633,508,780,641]} 1. d4 Nf6 2. c4 e6 3. Nc3 d5 4. cxd5 exd5 5. Bg5 c6 6. e3 Bd6 7. Bd3 O-O 8. Qc2 {D35: Queen's Gambit Declined: Exchange Variation} h6 9. Bh4 Re8 10. Nge2 {The position is equal.} Be6 (10... Nbd7 11. g4 Nf8 12. h3 b5 13. Rg1 Ne6 14. f4 Bxf4 15. Bh7+ Kh8 16. exf4 Nxd4 17. Qd3 Nxe2 18. Nxe2 Qa5+ {0-1 (45) Mamedyarov,S (2809)-Kramnik,V (2800) Moscow 2018}) 11. h3 a5 12. O-O $146 ({Predecessor:} 12. f3 c5 13. O-O Nc6 14. a3 Qd7 15. Qd2 {0-1 (37) Villegas,P (2363)-Ynojosa Aponte,F (2399) chess.com INT 2017}) 12... Nbd7 13. f3 c5 (13... Be7 $142) 14. Bb5 $16 Rc8 {[#]} (14... Rf8 $16 {was called for.}) 15. Qd2 (15. f4 $1 $18 {has better winning chances.}) 15... cxd4 16. Nxd4 {Black must now prevent f4.} Re7 (16... Rf8 $16 {was necessary.}) 17. f4 $18 Nb6 (17... Nc5 $142) 18. Bxf6 $1 gxf6 19. Qf2 Rec7 (19... f5 $16 20. Qh4 Kg7) 20. Qh4 {aiming for Rf3.} Bf8 21. Bd3 Bg7 (21... f5 $142 22. Qg3+ (22. Nxf5 Bxf5 23. Qxd8 Rxd8 $11) 22... Kh8) 22. Bf5 Qd7 23. Qg4 {[%cal Rd4e6]} Re8 $2 (23... Rc6 {might work better.} 24. Rad1 Qe7) 24. Rf3 {[#] Threatens to win with Rg3.White is clearly winning.} Kf8 25. Rg3 Bh8 26. Qh5 Bg7 27. Rf1 Nc4 (27... Rc4 $142 28. Nce2 Nc8) 28. Qg4 Bh8 29. Bxe6 fxe6 30. f5 exf5 31. Qg8+ Ke7 32. Qxd5 Nxb2 (32... Kd8 $142 33. Ne6+ Rxe6) 33. Qxa5 {Accuracy: White = 72%, Black = 28%.} 1-0

[Event "Charlotte Open 2020"]
[Site "Charlotte"]
[Date "2020.01.02"]
[Round "2.2"]
[White "Wheeler, Cameron"]
[Black "Ali Marandi, Cemil Can"]
[Result "1/2-1/2"]
[WhiteElo "2383"]
[BlackElo "2537"]
[Annotator "TA"]
[PlyCount "87"]
[EventDate "2020.01.02"]
[EventType "swiss"]
[EventCountry "USA"]
[SourceTitle "playchess.com"]
[Source "ChessBase"]
[SourceQuality "1"]

{[%evp 11,87,0,15,0,36,36,25,25,70,14,33,33,58,43,103,50,72,70,74,64,72,0,7,13,25,31,41,29,54,0,7,0,0,25,41,41,53,38,117,116,121,-153,-141,-154,-151,-143,-173,-175,-186,-184,-182,-170,-183,-183,-177,-166,-169,-182,-172,-180,-180,-191,-181,-165,-152,-181,-182,-210,-183,-214,-141,-153,-148,-153,-135,-148,0,-106]} 1. d4 e6 2. e4 d5 3. Nc3 Nf6 4. e5 Nfd7 5. Nce2 c5 6. c3 b5 7. f4 {C11: French: Classical System: 4 e5 and 4 Bg5 dxe4} (7. Nf3 b4 8. Nf4 bxc3 9. bxc3 cxd4 10. cxd4 Nc6 11. Be2 Ba6 12. O-O Bxe2 13. Qxe2 Be7 14. Be3 Na5 {1-0 (31) Grischuk,A (2766)-Nepomniachtchi,I (2757) chess.com INT 2018}) 7... b4 8. cxb4 cxb4 9. Nf3 {White has an edge.} Nc6 {[#]} 10. g3 (10. f5 $1 $14 {[%mdl 512]}) 10... Qb6 $146 {[#]} ({Predecessor:} 10... Nb6 11. Bg2 a5 12. O-O Ba6 13. g4 a4 14. f5 Be7 15. Rf2 g6 16. Nf4 {0-1 (44) Bartel,M (2149)-Fraczek,D Bartkowa 2002}) 11. f5 $1 {[%mdl 512]} exf5 12. Nf4 b3 (12... Bb7 $1 $14) 13. Nxd5 (13. Kf2 $16) 13... Qa5+ $14 14. Nc3 Bb4 15. Bd2 $1 (15. Qxb3 Nxd4 16. Nxd4 Qxe5+ 17. Nde2 Nc5 $11) 15... O-O 16. a3 ({White should try} 16. axb3 $16 Qb6 17. Nd5 Bxd2+ 18. Kf2 (18. Kxd2 Qd8 $14) (18. Qxd2 Qxb3 19. Ne3 Rb8 $14)) 16... Bxc3 $1 $11 17. Bxc3 Qb6 18. Bc4 Bb7 19. Rf1 $36 {[%mdl 2048] White fights for an advantage.} Ba6 20. Qxb3 Bxc4 $1 21. Qxc4 Rac8 $1 {And now ...Ncxe5 would win.} 22. Qd3 Ne7 23. Kf2 g6 24. Bb4 Nc6 (24... Rfe8 $14) 25. Bxf8 $16 Ndxe5 26. Qc3 $2 {[%mdl 8192]} (26. Nxe5 $16 Nxe5 27. Qd2 Rxf8 28. Rac1) 26... Ne7 $1 $17 27. Qd2 ({Don't go for} 27. Bxe7 $2 Rxc3 28. bxc3 Qb2+ 29. Kg1 Nxf3+ 30. Rxf3 Qxa1+ 31. Rf1 Qxc3 $19) 27... Nxf3 28. Kxf3 {[#]} Qb3+ $1 29. Ke2 Rc2 {[%mdl 64] Double Attack} 30. Bxe7 {[#]} Qc4+ $1 ({Weaker is} 30... Rxd2+ 31. Kxd2 Qxb2+ 32. Kd3 $11 (32. Ke3 Qc3+ 33. Kf2 Qxd4+ 34. Kg2 Qe4+ {[%mdl 64] Double Attack} 35. Kg1 Qxe7 $17)) 31. Kd1 Rxd2+ 32. Kxd2 {Hoping for Rae1.} Qxd4+ {[%mdl 64] Double Attack} 33. Kc2 {aiming for Rae1.} Qe4+ 34. Kc3 {Strongly threatening Bc5.} Qxe7 $19 {[%mdl 4096] Endgame KQ-KRR} 35. Rh1 Qc5+ 36. Kd3 Qd5+ 37. Kc3 Qf3+ 38. Kc2 h5 39. b4 g5 40. a4 Qe4+ 41. Kc3 Qc6+ 42. Kd4 Qd6+ 43. Kc4 Qc6+ 44. Kd4 $1 {Accuracy: White = 52%, Black = 41%.} 1/2-1/2

[Event "Charlotte Open 2020"]
[Site "Charlotte"]
[Date "2020.01.02"]
[Round "2.3"]
[White "Chandra, Akshat"]
[Black "Talukdar, Rohan"]
[Result "1-0"]
[WhiteElo "2524"]
[BlackElo "2343"]
[Annotator "RC"]
[PlyCount "97"]
[EventDate "2020.01.02"]
[EventType "swiss"]
[EventCountry "USA"]
[SourceTitle "playchess.com"]
[Source "ChessBase"]
[SourceQuality "1"]
[TimeControl "6000+30"]

1. Nf3 {[%emt 0:01:58]} Nf6 {[%emt 0:00:02]} 2. g3 {[%emt 0:00:03]} g6 {[%emt 0:00:37]} 3. b3 {[%emt 0:01:01]} Bg7 {[%emt 0:01:34]} 4. Bb2 {[%emt 0:00:06]} O-O {[%emt 0:01:22]} 5. Bg2 {[%emt 0:00:03]} d6 {[%emt 0:06:02]} 6. d4 {[%emt 0:00:08]} e5 {[%emt 0:00:11]} 7. dxe5 {[%emt 0:00:12]} Nfd7 {[%emt 0:00:09]} 8. O-O {[%emt 0:09:10]} dxe5 {[%emt 0:01:21]} 9. e4 {[%emt 0:01:59]} Na6 {[%emt 0:09:24]} 10. Qe2 {[%emt 0:03:10]} Qe7 {[%emt 0:07:48]} 11. Ba3 {[%emt 0:10:13]} Ndc5 {[%emt 0:11:22]} 12. Nc3 {[%emt 0:07:26]} c6 {[%emt 0:07:01]} 13. Na4 {[%emt 0:01:48]} Re8 {[%emt 0:05:50]} 14. Ne1 {[%emt 0:02:40]} Bf8 {[%emt 0:05:59]} 15. Nd3 {[%emt 0:00:29]} b6 {[%emt 0:00:07]} 16. Qe3 {[%emt 0:05:16]} Bb7 {[%emt 0:00:56]} 17. Rfd1 {[%emt 1:02:48]} Rad8 {[%emt 0:02:12]} 18. Rd2 {[%emt 0:00:00]} Qd7 {[%emt 0:06:59]} 19. Naxc5 {[%emt 0:00:00]} Nxc5 {[%emt 0:00:22]} 20. Rad1 {[%emt 0:00:00]} Nxd3 {[%emt 0:01:25]} 21. Rxd3 {[%emt 0:00:00]} Qc7 {[%emt 0:01:07]} 22. Bxf8 {[%emt 0:00:00]} Rxf8 {[%emt 0:00:39]} 23. Bh3 {[%emt 0:00:00]} Bc8 {[%emt 0:15:11]} 24. Bxc8 {[%emt 0:00:00]} Qxc8 {[%emt 0:00:08]} 25. Qg5 {[%emt 0:00:00]} f6 {[%emt 0:03:42]} 26. Qd2 {[%emt 0:00:00]} Rxd3 {[%emt 0:00:08]} 27. Qxd3 {[%emt 0:00:00]} Kg7 {[%emt 0:00:37]} 28. Qc4 {[%emt 0:00:00]} c5 {[%emt 0:01:20]} 29. Rd5 {[%emt 0:00:00]} Qh3 {[%emt 0:03:31]} 30. Qa4 {[%emt 0:00:00]} Rf7 {[%emt 0:08:20]} 31. Qe8 {[%emt 0:00:00]} g5 {[%emt 0:00:03]} 32. Rd8 {[%emt 0:02:22]} Qh5 {[%emt 0:00:07]} 33. h3 {[%emt 0:03:17]} Qg6 {[%emt 0:00:52]} 34. f3 {[%emt 0:00:15]} Kh6 {[%emt 0:01:01]} 35. Qe6 {[%emt 0:01:05]} Qg7 {[%emt 0:02:23]} 36. Rd6 {[%emt 0:01:49]} Qg6 {[%emt 0:01:27]} 37. a4 {[%emt 0:00:38]} Kg7 {[%emt 0:00:31]} 38. Kg2 {[%emt 0:00:29]} Rc7 {[%emt 0:00:42]} 39. Qd5 {[%emt 0:00:29]} c4 {[%emt 0:03:28]} 40. b4 {[%emt 0:00:07]} Qf7 {[%emt 0:00:08]} 41. c3 {[%emt 0:00:31]} Qe8 {[%emt 0:01:35]} 42. b5 {[%emt 0:00:22]} Qe7 {[%emt 0:00:18]} 43. g4 {[%emt 0:01:02]} Rc5 {[%emt 0:00:47]} 44. Rd7 {[%emt 0:00:21]} Rxd5 {[%emt 0:00:08]} 45. Rxe7+ {[%emt 0:00:01]} Kf8 {[%emt 0:00:05]} 46. Rxa7 {[%emt 0:00:08]} Rd3 {[%emt 0:00:41]} 47. a5 {[%emt 0:00:31]} Rd6 {[%emt 0:01:23]} 48. a6 {[%emt 0:00:18]} Rd2+ {[%emt 0:00:16]} 49. Kg3 {[%emt 0:00:39]} 1-0

[Event "Charlotte Open 2020"]
[Site "Charlotte"]
[Date "2020.01.02"]
[Round "2.4"]
[White "Grabinsky, Aaron"]
[Black "Tang, Andrew"]
[Result "1-0"]
[WhiteElo "2363"]
[BlackElo "2511"]
[Annotator "TA"]
[PlyCount "100"]
[EventDate "2020.01.02"]
[EventType "swiss"]
[EventCountry "USA"]
[SourceTitle "playchess.com"]
[Source "ChessBase"]
[SourceQuality "1"]

{[%evp 11,100,0,8,12,11,16,12,11,18,-13,-9,-15,6,17,20,16,26,0,8,-8,0,-6,0,-10,10,0,10,0,0,0,0,0,0,0,0,4,60,58,54,49,37,52,52,52,52,36,54,22,43,50,67,14,26,0,0,0,0,0,0,0,118,97,174,143,119,28,62,50,218,187,203,159,231,99,100,107,106,113,99,66,63,66,97,104,115,68,347,306,1313,958,948]} 1. d4 d5 2. Bf4 c5 3. e3 Nc6 4. c3 Nf6 5. Nd2 e6 6. Ngf3 cxd4 7. exd4 {D02: 1 d4 d5 2 Nf3 sidelines, including 2...Nf6 3 g3 and 2...Nf6 3 Bf4} Nh5 8. Be3 (8. Bg5 f6 9. Be3 Bd6 10. g3 O-O 11. Nh4 g6 12. Be2 Ng7 13. O-O e5 14. dxe5 fxe5 {½-½ (59) Aronian,L (2767)-Nakamura,H (2777) chess.com INT 2018}) 8... Bd6 9. Ne5 {The position is equal.} g6 10. f4 (10. Ndf3 {feels hotter.} O-O 11. Ng4 f6 12. Nh6+ Kh8 13. g3) 10... f6 11. Nd3 Qc7 {[%cal Rh5f4]} 12. g3 O-O 13. Bg2 b6 14. O-O $146 ({Predecessor:} 14. c4 Nb4 15. Nxb4 Bxb4 16. cxd5 {½-½ (33) Nisman,B (2280)-Gorodetzky,M (2154) Petah Tikva 2019}) 14... Ba6 15. Nf3 Rae8 16. Re1 Ng7 17. Rc1 Nf5 18. Bf2 Qd7 19. Bf1 Qf7 20. Qa4 Bb7 21. Bg2 Bc7 22. Re2 Nd6 23. Nd2 a5 (23... Bb8 $11) 24. c4 $14 {aiming for cxd5.} Na7 25. c5 $36 {[%mdl 2048] Black is under pressure.} bxc5 26. Nxc5 Bc6 27. Qd1 Re7 28. Bh3 {[%cal Rh3e6]} Rfe8 29. Qc2 Nf5 30. a4 Ba8 31. Rce1 (31. Rxe6 $14 Rxe6 32. Nxe6 Qxe6 33. Bxf5 (33. Qxc7 $2 Rc8 $17) 33... gxf5 34. Re1 (34. Qxc7 $2 Rc8 $19) 34... Qxe1+ 35. Bxe1 Rxe1+ 36. Kf2) 31... Nc6 $11 32. Nf3 Bd6 33. g4 Ng7 34. Qd2 h6 35. Bg3 g5 (35... Bxc5 $11 {remains equal.} 36. dxc5 d4) 36. Nd3 Bb7 (36... gxf4 $16 37. Bxf4 Bxf4 38. Qxf4 Qg6) 37. fxg5 Bxg3 38. g6 (38. hxg3 $16 hxg5 39. Bf1) 38... Qxg6 39. hxg3 Ba6 $2 ({Black should play} 39... e5 $1 $14) 40. Nf4 $18 Qf7 {[#]} 41. Rf2 $1 Nb4 (41... Rb7 $16) 42. Nh4 (42. Ng2 $18) 42... Rc7 $16 43. Nfg6 Kh7 {And now ...Rc2 would win.} 44. Bf1 {Threatens to win with Bxa6.} Rc2 45. Qe3 {[#] Strongly threatening Bxa6.} Rxf2 46. Qxf2 Bxf1 47. Rxf1 {Black must now prevent Ne5!} Qc7 48. Qe3 f5 $2 {[%mdl 8192]} (48... Nc2 $1 $14 49. Qd3 Nb4) 49. Ne5 $18 ({Not} 49. gxf5 exf5 50. Ne5 Qc2 $14) 49... Qc2 $2 (49... Qe7 50. gxf5 Qg5 51. Qxg5 hxg5) 50. Nf7 Kg8 {Accuracy: White = 56%, Black = 45%.} 1-0

[Event "Charlotte Open 2020"]
[Site "Charlotte"]
[Date "2020.01.02"]
[Round "2.5"]
[White "Yu, Jennifer"]
[Black "Ringoir, Tanguy"]
[Result "1/2-1/2"]
[WhiteElo "2321"]
[BlackElo "2501"]
[Annotator "TA"]
[PlyCount "64"]
[EventDate "2020.01.02"]
[EventType "swiss"]
[EventCountry "USA"]
[SourceTitle "playchess.com"]
[Source "ChessBase"]
[SourceQuality "1"]

{[%evp 10,64,37,23,27,1,-1,0,3,4,46,52,48,-14,-18,-60,-64,-64,-45,-49,-51,-54,0,-4,-5,-5,0,-2,-2,-3,-3,-15,-15,-18,-14,-14,-15,-15,-13,-26,-19,-18,-13,-13,-12,-10,-8,-18,-15,-18,-13,-12,-3,-3,-5,-5,-5]} 1. d4 Nf6 2. c4 g6 3. Nc3 d5 4. Bf4 Bg7 5. e3 O-O 6. Rc1 Be6 {D83: Grünfeld: 4 Bf4 Bg7 5 e3 0-0} 7. cxd5 (7. c5 c6 8. Bd3 b6 9. Na4 Nfd7 10. h3 bxc5 11. Nxc5 Nxc5 12. Rxc5 Qb6 13. Qc2 Rc8 14. Nf3 {1-0 (77) Giri,A (2779)-Nepomniachtchi,I (2774) Saint Louis 2019}) 7... Nxd5 8. Nxd5 Qxd5 9. b3 Nd7 {[%cal Bb8d7,Bd7f6,Bf6e4][%mdl 32]} 10. Bxc7 Rfc8 $146 ({Predecessor:} 10... Rac8 11. Ne2 Rxc7 12. Rxc7 Qa5+ 13. Rc3 Nf6 14. b4 Qxb4 {0-1 (40) Basso,P (2428)-Boruchovsky,A (2536) Douglas 2015}) 11. Qd2 (11. Ne2 $1 $14) 11... Nf6 $11 {Strongly threatening ...Ne4.} 12. Rc5 Ne4 {[%mdl 64] [#] Double Attack} 13. Rxd5 Nxd2 14. Rc5 Nxf1 15. Kxf1 a5 16. Nf3 a4 17. Ke2 axb3 18. axb3 Ra2+ 19. Nd2 Bxb3 20. Rb1 Bc2 21. Rxb7 Be4 $1 {[%cal Re4b7]} 22. Rb8 Rxb8 23. Bxb8 Bxg2 24. Rc8+ Bf8 25. Bf4 {The position is equal.} Ra8 26. Rxa8 Bxa8 {[%mdl 4096] Endgame KBB-KBN} 27. e4 f6 28. f3 Kf7 29. Nc4 g5 30. Bc7 g4 31. Nb6 Bb7 32. d5 Ba6+ {Accuracy: White = 60%, Black = 71%.} 1/2-1/2